[Event "BL 9091 Sindelfingen-Frankfurt"]
[Site "?"]
[Date "1991.??.??"]
[Round "?.1"]
[White "Khalifman, A."]
[Black "Fahnenschmidt, G."]
[Result "1-0"]
[WhiteElo "2640"]
[BlackElo "2385"]
[PlyCount "49"]
[EventDate "1991.??.??"]

1. e4 c5 2. Nf3 d6 3. d4 cxd4 4. Nxd4 Nf6 5. Nc3 a6 6. Be2 e6 7. O-O Be7 8. f4
O-O 9. Kh1 Qc7 10. a4 b6 11. e5 dxe5 12. fxe5 Nfd7 13. Bf3 Bb7 14. Bxb7 Qxb7
15. Bf4 Nc6 16. Qf3 Rac8 17. Rad1 Nc5 18. Nxc6 Rxc6 19. b4 Nd7 20. Ne4 Qc8 21.
Qg3 Kh8 22. Qd3 Nb8 23. Bg5 Qb7 24. Rf3 Rcc8 25. Rh3 1-0

[Event "BL 9091 Sindelfingen-Frankfurt"]
[Site "?"]
[Date "1991.??.??"]
[Round "?.2"]
[White "Rajkovic, D."]
[Black "Gutman, L."]
[Result "1/2-1/2"]
[WhiteElo "2495"]
[BlackElo "2445"]
[PlyCount "86"]
[EventDate "1991.??.??"]

1. Nf3 Nf6 2. c4 g6 3. Nc3 Bg7 4. e4 O-O 5. d4 c6 6. Be2 d5 7. e5 Ne4 8. O-O
Nxc3 9. bxc3 dxc4 10. Bxc4 c5 11. e6 Nc6 12. dxc5 Bxe6 13. Bxe6 fxe6 14. Qe2
Qd5 15. c4 Qh5 16. Bb2 Rxf3 17. Bxg7 Rf5 18. Qb2 Rxc5 19. Bd4 Rxc4 20. Qxb7 Rb8
21. Qc7 Rxd4 22. Qxc6 Qd5 23. Qa6 Qd7 24. Qe2 Rb5 25. g3 Rbd5 26. Rfe1 e5 27.
Rab1 Kg7 28. Rb2 h5 29. h4 Rd1 30. Kh2 Rxe1 31. Qxe1 a5 32. Qe4 Qd6 33. Re2 Rc5
34. Qe3 Qd4 35. Qg5 Qd6 36. Qe3 Rd5 37. Qe4 Kf7 38. Qf3+ Kg8 39. Qe4 Kh7 40.
Qf3 Kg7 41. Qe4 Rb5 42. a4 Rd5 43. Re3 Qc5 1/2-1/2

[Event "BL 9091 Sindelfingen-Frankfurt"]
[Site "?"]
[Date "1991.??.??"]
[Round "?.3"]
[White "Werner, D."]
[Black "Marinkovic, I."]
[Result "1/2-1/2"]
[WhiteElo "2395"]
[BlackElo "2455"]
[PlyCount "83"]
[EventDate "1991.??.??"]

1. e4 Nf6 2. e5 Nd5 3. d4 d6 4. Nf3 g6 5. Bc4 Nb6 6. Bb3 Bg7 7. a4 d5 8. O-O
O-O 9. h3 a5 10. Re1 Na6 11. c3 Bf5 12. Nbd2 c5 13. Nf1 c4 14. Bc2 Bxc2 15.
Qxc2 Nc7 16. h4 Qd7 17. h5 Rfc8 18. Ng5 Ne6 19. Nxe6 Qxe6 20. Re3 Qf5 21. Qxf5
gxf5 22. Rg3 Kf8 23. Bg5 e6 24. h6 Bh8 25. Nh2 Nd7 26. Re1 Ra6 27. Nf3 f6 28.
exf6 Nxf6 29. Bxf6 Bxf6 30. Ng5 Bxg5 31. Rxg5 Rc7 32. Re3 Rf7 33. Reg3 Rb6 34.
Rg8+ Ke7 35. R3g7 Rxg7 36. Rxg7+ Kf6 37. g3 Rxb2 38. f3 b5 39. Rxh7 Kg6 40. Rb7
Kxh6 41. Rxb5 Rb3 42. Kf2 1/2-1/2

[Event "BL 9091 Sindelfingen-Frankfurt"]
[Site "?"]
[Date "1991.??.??"]
[Round "?.4"]
[White "Kraut, R."]
[Black "Kohlweyer, B."]
[Result "1/2-1/2"]
[WhiteElo "2425"]
[BlackElo "2365"]
[PlyCount "35"]
[EventDate "1991.??.??"]

1. e4 c5 2. Nf3 e6 3. Nc3 a6 4. g3 d6 5. d4 cxd4 6. Nxd4 Nf6 7. Bg2 Be7 8. O-O
Qc7 9. a4 Nbd7 10. Qe2 Rb8 11. a5 O-O 12. Kh1 Re8 13. Rd1 Bf8 14. Nf3 b5 15.
axb6 Rxb6 16. Nd4 Nc5 17. Na4 Nxa4 18. Rxa4 1/2-1/2

[Event "BL 9091 Sindelfingen-Frankfurt"]
[Site "?"]
[Date "1991.??.??"]
[Round "?.5"]
[White "Heyken, E."]
[Black "Luther, T."]
[Result "1/2-1/2"]
[WhiteElo "2415"]
[BlackElo "2470"]
[PlyCount "88"]
[EventDate "1991.??.??"]

1. d4 e6 2. e4 d5 3. e5 c5 4. Nf3 cxd4 5. Bd3 Ne7 6. Bf4 Nd7 7. O-O Nc6 8. Nbd2
Nc5 9. Nb3 Nxd3 10. Qxd3 Be7 11. Nfxd4 O-O 12. Qg3 Kh8 13. Nxc6 bxc6 14. Be3 a5
15. a4 Rb8 16. Bd2 Bb4 17. Rfd1 Ba6 18. Bxb4 Rxb4 19. Nc5 Be2 20. Rd2 Bh5 21.
Nd3 Rg4 22. Qh3 Rh4 23. Qe3 d4 24. Qe1 Bg6 25. f3 Qg5 26. g3 Qe3+ 27. Kg2 Rh5
28. Nf4 Rg5 29. h4 Qxf4 30. hxg5 Qxg5 31. Rxd4 Bxc2 32. Qd2 Qxd2+ 33. Rxd2 Bb3
34. Rd7 Bd5 35. Ra7 g5 36. Rxa5 Rb8 37. g4 Rxb2+ 38. Kg3 Rb3 39. Rf1 Re3 40.
Ra7 Kg7 41. a5 c5 42. Rf2 c4 43. Kh2 Bxf3 44. Rc7 h5 1/2-1/2

[Event "BL 9091 Sindelfingen-Frankfurt"]
[Site "?"]
[Date "1991.??.??"]
[Round "?.6"]
[White "Bialas, W."]
[Black "Degenhardt, H."]
[Result "1-0"]
[WhiteElo "2360"]
[BlackElo "2325"]
[PlyCount "60"]
[EventDate "1991.??.??"]

1. Nf3 Nf6 2. g3 g6 3. Bg2 Bg7 4. O-O O-O 5. d4 d6 6. c4 Nc6 7. b3 Bg4 8. Bb2
Qc8 9. d5 Nb8 10. Re1 Re8 11. Nc3 a6 12. e4 Nh5 13. Qd2 e5 14. dxe6 Bxe6 15.
Nd5 Nc6 16. Bxg7 Kxg7 17. Qc3+ Kg8 18. Rac1 Qd8 19. h3 f5 20. exf5 gxf5 21. Qd2
Kg7 22. Ng5 Ne5 23. f4 c6 24. fxe5 cxd5 25. cxd5 dxe5 26. Rxe5 Bd7 27. Rxe8
Qxe8 28. Rc7 Kg6 29. Nf3 f4 30. gxf4 Rc8 1-0

[Event "BL 9091 Sindelfingen-Frankfurt"]
[Site "?"]
[Date "1991.??.??"]
[Round "?.7"]
[White "Haakert, J."]
[Black "Werner, Marc"]
[Result "1/2-1/2"]
[WhiteElo "2320"]
[BlackElo "2320"]
[PlyCount "83"]
[EventDate "1991.??.??"]

1. e4 g6 2. Nf3 Bg7 3. g3 c5 4. Bg2 Nc6 5. O-O e5 6. Nc3 Nge7 7. d3 O-O 8. Nd2
d6 9. Nc4 Rb8 10. a4 a6 11. a5 Nd4 12. f4 Be6 13. Nd5 Ndc6 14. c3 exf4 15. Bxf4
Ne5 16. Bg5 Bxd5 17. exd5 Nxc4 18. dxc4 h6 19. Be3 Qd7 20. Qd2 g5 21. Be4 f5
22. Bd3 Rf6 23. b4 cxb4 24. cxb4 Ng6 25. Bd4 Rf7 26. Bxg7 Kxg7 27. Rae1 Ne5 28.
c5 Re8 29. cxd6 Kg6 30. Bc2 g4 31. Rxe5 Rxe5 32. Qd4 Qxd6 33. Qxg4+ Kh7 34.
Bxf5+ Kh8 35. Be6 Rxf1+ 36. Kxf1 Rg5 37. Qf3 Qe7 38. Qf4 Kg7 39. Kg2 Rg6 40.
Qe5+ Rf6 41. Qc3 Kh7 42. Qe5 1/2-1/2

[Event "BL 9091 Sindelfingen-Frankfurt"]
[Site "?"]
[Date "1991.??.??"]
[Round "?.8"]
[White "Franke, H."]
[Black "Bewersdorff, O."]
[Result "1/2-1/2"]
[WhiteElo "2390"]
[BlackElo "2330"]
[PlyCount "61"]
[EventDate "1991.??.??"]

1. d4 Nf6 2. Nf3 e6 3. Bg5 b6 4. e3 Bb7 5. Bd3 c5 6. O-O Be7 7. c3 O-O 8. Nbd2
d5 9. Ne5 Nbd7 10. Qf3 h6 11. Bf4 Nxe5 12. dxe5 Nh7 13. Qg4 Bg5 14. Nf3 Bxf4
15. exf4 Qe7 16. Rfe1 Rad8 17. Rad1 Bc6 18. h4 d4 19. cxd4 Bxf3 20. Qxf3 Rxd4
21. Bxh7+ Kxh7 22. Rxd4 cxd4 23. Rd1 Qxh4 24. g3 Qe7 25. Rxd4 Qc5 26. Rd7 a5
27. b3 Kg8 28. Qb7 Qc2 29. Qxb6 Qxa2 30. Kg2 a4 31. bxa4 1/2-1/2

[Event "BL 9091 Kirchheim-Heidelberg"]
[Site "?"]
[Date "1991.??.??"]
[Round "?.1"]
[White "Steinbacher, M."]
[Black "Haba, P."]
[Result "1-0"]
[WhiteElo "2370"]
[BlackElo "2465"]
[PlyCount "80"]
[EventDate "1991.??.??"]

1. e4 e5 2. Nf3 Nc6 3. Bb5 a6 4. Ba4 Nf6 5. Nc3 b5 6. Bb3 Be7 7. O-O O-O 8. Nd5
d6 9. c3 Nxe4 10. d4 Nf6 11. Qd3 e4 12. Nxf6+ Bxf6 13. Qxe4 Bb7 14. Bc2 g6 15.
Bh6 Bg7 16. Bg5 Qd7 17. Qh4 Rae8 18. a4 Ne7 19. Nd2 f6 20. Be3 Nd5 21. axb5
axb5 22. Rfe1 Qc6 23. Ne4 Nxe3 24. Rxe3 f5 25. Bb3+ Kh8 26. Rh3 h5 27. Qg5 d5
28. Nc5 Kh7 29. Re3 Rxe3 30. Qxe3 Re8 31. Qf3 Ba8 32. g3 Qd6 33. Ra6 c6 34. Ra7
Qb8 35. Rd7 Rd8 36. Re7 Kg8 37. Qe3 Qd6 38. Re6 Qf8 39. Qg5 Re8 40. Qxg6 Re7
1-0

[Event "BL 9091 Kirchheim-Heidelberg"]
[Site "?"]
[Date "1991.??.??"]
[Round "?.2"]
[White "Gschnitzer, O."]
[Black "Neurohr, S."]
[Result "1-0"]
[WhiteElo "2460"]
[BlackElo "2335"]
[PlyCount "69"]
[EventDate "1991.??.??"]

1. Nf3 Nf6 2. c4 g6 3. Nc3 Bg7 4. e4 d6 5. d4 O-O 6. Be2 e5 7. O-O Nc6 8. Be3
Ng4 9. Bg5 f6 10. Bc1 Kh8 11. d5 Ne7 12. Nd2 Nh6 13. b4 f5 14. c5 fxe4 15.
Ndxe4 a5 16. cxd6 cxd6 17. bxa5 Bf5 18. Qb3 Rxa5 19. Rd1 Bxe4 20. Nxe4 Nhf5 21.
Ng5 Qd7 22. Qh3 h6 23. Ne6 Rf7 24. Bc4 Ng8 25. Bb2 Nf6 26. f4 b5 27. Bd3 Qa7+
28. Kh1 Ne3 29. Rd2 Nfxd5 30. Nxg7 Kxg7 31. fxe5 dxe5 32. Bxe5+ Kh7 33. Qe6 Nf6
34. Bd4 Ra6 35. Qxe3 1-0

[Event "BL 9091 Kirchheim-Heidelberg"]
[Site "?"]
[Date "1991.??.??"]
[Round "?.3"]
[White "Ostl, A."]
[Black "Graf, J."]
[Result "1-0"]
[WhiteElo "2325"]
[BlackElo "2430"]
[PlyCount "85"]
[EventDate "1991.??.??"]

1. Nf3 Nf6 2. g3 d5 3. Bg2 c6 4. b3 Bf5 5. Bb2 e6 6. O-O h6 7. d3 Be7 8. c4 O-O
9. Nbd2 Nbd7 10. Qc2 a5 11. a3 Bh7 12. Bc3 b5 13. Rfc1 Qb8 14. cxd5 cxd5 15. b4
Rc8 16. bxa5 e5 17. Qb2 e4 18. dxe4 dxe4 19. Nd4 Nd5 20. Nxe4 Nxc3 21. Nxc3 Ra6
22. Qxb5 Qxb5 23. Ncxb5 Rc5 24. Rxc5 Nxc5 25. Nc6 Bf6 26. Rd1 Be4 27. Nba7 Bxg2
28. Kxg2 Bb2 29. Rb1 Bxa3 30. Kf3 f6 31. Rb6 Rxb6 32. axb6 Nb7 33. Ke4 Bc5 34.
Nc8 Kf7 35. e3 Ke6 36. g4 g6 37. Nb8 Nd8 38. h3 Nb7 39. Na6 Ba3 40. Kd4 Na5 41.
Nc5+ Bxc5+ 42. Kxc5 Kd7 43. Nd6 1-0

[Event "BL 9091 Kirchheim-Heidelberg"]
[Site "?"]
[Date "1991.??.??"]
[Round "?.4"]
[White "Clara, H."]
[Black "Pirrot, D."]
[Result "0-1"]
[WhiteElo "2430"]
[BlackElo "2325"]
[PlyCount "106"]
[EventDate "1991.??.??"]

1. Nf3 Nf6 2. c4 g6 3. Nc3 Bg7 4. e4 c5 5. d4 cxd4 6. Nxd4 Nc6 7. Be3 Ng4 8.
Qxg4 Nxd4 9. Qd1 e5 10. Bd3 O-O 11. O-O b6 12. Qd2 d6 13. Ne2 Ne6 14. Rad1 Bb7
15. Bb1 Qh4 16. f3 Rad8 17. Qe1 Qe7 18. b3 f5 19. exf5 gxf5 20. Nc3 Qf7 21. Nd5
Rde8 22. Qh4 Nd4 23. Bd3 Kh8 24. Bxd4 exd4 25. Nb4 Re6 26. Rfe1 Rh6 27. Qe7 Be5
28. Qxf7 Rxf7 29. Nd5 Bxd5 30. cxd5 Bxh2+ 31. Kf2 Bf4 32. Rh1 Be3+ 33. Ke2 Kg7
34. Rxh6 Kxh6 35. g3 Kg5 36. Rh1 h5 37. Bb5 Re7 38. Kf1 f4 39. gxf4+ Bxf4 40.
Rg1+ Kf6 41. Rg8 Re3 42. Kf2 d3 43. Rd8 d2 44. Be2 Re7 45. Rf8+ Kg5 46. Rg8+
Kh4 47. Rc8 Be3+ 48. Kf1 Rg7 49. Rc4+ Kg3 50. Re4 Bf4 51. Kg1 Rc7 52. Rc4 Rxc4
53. bxc4 h4 0-1

[Event "BL 9091 Kirchheim-Heidelberg"]
[Site "?"]
[Date "1991.??.??"]
[Round "?.5"]
[White "Weber, M."]
[Black "Vonthron, H."]
[Result "0-1"]
[WhiteElo "2330"]
[BlackElo "2390"]
[PlyCount "102"]
[EventDate "1991.??.??"]

1. Nf3 d6 2. g3 e5 3. c4 f5 4. Bg2 Nf6 5. O-O g6 6. Nc3 Bg7 7. d3 O-O 8. Rb1 a5
9. a3 Kh8 10. b4 axb4 11. axb4 c6 12. b5 c5 13. Bg5 Be6 14. Ne1 Qc8 15. Nc2
Nbd7 16. Qd2 Ng8 17. Nd5 h6 18. Be7 Rf7 19. Bxd6 Bxd5 20. Bxd5 Rf6 21. Bxg8
Kxg8 22. Be7 Re6 23. Bh4 g5 24. Bxg5 hxg5 25. Qxg5 f4 26. Kh1 Nf8 27. Qf5 Re8
28. Qe4 Ra2 29. Rbc1 Nh7 30. Qg6 Qe6 31. Qxe6+ Rxe6 32. e3 Bh6 33. Rfe1 Rd6 34.
exf4 exf4 35. gxf4 Bxf4 36. Ne3 Rxd3 37. Rcd1 Rxd1 38. Nxd1 Kf7 39. Re4 Ra1 40.
Rxf4+ Nf6 41. Kg2 Rxd1 42. Kf3 Ke6 43. Ke3 Re1+ 44. Kd3 Re5 45. Rf3 b6 46. Rg3
Rf5 47. f3 Rf4 48. Rh3 Nd7 49. Rh6+ Rf6 50. Rxf6+ Nxf6 51. h3 Kf5 0-1

[Event "BL 9091 Kirchheim-Heidelberg"]
[Site "?"]
[Date "1991.??.??"]
[Round "?.6"]
[White "Mueller, O."]
[Black "Grathwohl, R."]
[Result "1-0"]
[WhiteElo "2350"]
[BlackElo "2320"]
[PlyCount "81"]
[EventDate "1991.??.??"]

1. e4 e5 2. Nf3 Nc6 3. Bb5 Bc5 4. O-O Nd4 5. Bc4 Nxf3+ 6. Qxf3 Qf6 7. Qg3 Ne7
8. Nc3 c6 9. d3 b5 10. Bb3 Ng6 11. Kh1 Nf4 12. Be3 d6 13. Bxc5 dxc5 14. Qe3 Qd6
15. a4 b4 16. Nb1 O-O 17. Nd2 Be6 18. Nc4 Bxc4 19. Bxc4 Qd4 20. g3 Ng6 21. a5
Kh8 22. Qxd4 cxd4 23. a6 Ne7 24. Ra5 f6 25. Kg2 g5 26. Rc5 Rab8 27. f4 gxf4 28.
gxf4 Ng6 29. Rxc6 exf4 30. Rc7 Ra8 31. Kh3 Rfc8 32. Rb7 Rc5 33. Rxb4 Re8 34.
Bf7 Rh5+ 35. Kg2 Rc8 36. Rf2 Rg5+ 37. Kf1 Ne5 38. Be6 Rc6 39. Rb8+ Kg7 40. Rb7+
Kh6 41. Bf5 1-0

[Event "BL 9091 Kirchheim-Heidelberg"]
[Site "?"]
[Date "1991.??.??"]
[Round "?.7"]
[White "Neunhoeffer, H."]
[Black "Biebinger, G."]
[Result "1-0"]
[WhiteElo "2285"]
[BlackElo "2330"]
[PlyCount "99"]
[EventDate "1991.??.??"]

1. e4 e6 2. d4 d5 3. Nc3 Bb4 4. e5 b6 5. Qg4 Bf8 6. Bb5+ c6 7. Ba4 f5 8. Qf3 b5
9. Bb3 a5 10. a4 b4 11. Nce2 Qd7 12. g4 Ne7 13. Bg5 fxg4 14. Qxg4 Nf5 15. Ng3
Be7 16. Nxf5 exf5 17. Qh5+ g6 18. Qh6 Bxg5 19. Qxg5 Na6 20. Ne2 Nc7 21. Nf4 Ne6
22. Nxe6 Qxe6 23. h4 h6 24. Qe3 Ba6 25. O-O-O O-O-O 26. f4 Rhg8 27. Rdg1 Qe7
28. Rh2 Kb8 29. Kb1 Rg7 30. Ka2 Rdg8 31. Rc1 Qe6 32. c3 Rb7 33. Rhc2 Bc4 34.
cxb4 Rxb4 35. Rc3 Rxa4+ 36. Kb1 Rb4 37. Bxc4 dxc4 38. Qe2 Kb7 39. Rxc4 Rxc4 40.
Rxc4 Qd5 41. Qd3 Rd8 42. Qb3+ Kc7 43. Qa4 Kb7 44. Ka1 Qh1+ 45. Ka2 Qd5 46. Ka3
Qh1 47. Qb3+ Kc7 48. Qc3 Qd5 49. Rc5 Qxd4 50. Rxc6+ 1-0

[Event "BL 9091 Kirchheim-Heidelberg"]
[Site "?"]
[Date "1991.??.??"]
[Round "?.8"]
[White "Burkart, P."]
[Black "Zuse, P."]
[Result "1-0"]
[WhiteElo "2270"]
[BlackElo "2230"]
[PlyCount "93"]
[EventDate "1991.??.??"]

1. d4 Nf6 2. c4 g6 3. Nc3 Bg7 4. e4 d6 5. h3 Nbd7 6. Be3 e5 7. d5 Nc5 8. Qc2 a5
9. Be2 O-O 10. g4 Ne8 11. Nf3 f5 12. gxf5 gxf5 13. Bg5 Qd7 14. Nd2 Qf7 15.
O-O-O Kh8 16. Rdg1 c6 17. f3 Nf6 18. exf5 cxd5 19. cxd5 Nxd5 20. Bc4 Nb4 21.
Bxf7 Nxc2 22. f6 Rxf7 23. fxg7+ Kg8 24. Kxc2 Bf5+ 25. Kd1 Rxg7 26. Be3 Nd3 27.
Rxg7+ Kxg7 28. Rg1+ Kf7 29. Nce4 Ke6 30. Ke2 Nb4 31. a3 Nc6 32. h4 d5 33. Nc5+
Kf6 34. Bg5+ Kg6 35. Be3+ Kf6 36. Bg5+ Kg6 37. Nxb7 Rb8 38. Nxa5 Nd4+ 39. Kd1
Rxb2 40. Be3+ Kf7 41. Bxd4 exd4 42. Nc6 Ra2 43. Rg5 Bc2+ 44. Kc1 d3 45. Nb4
Rxa3 46. Rxd5 Kg6 47. Kb2 1-0

[Event "BL 9091 Frankfurt-Kirchheim"]
[Site "?"]
[Date "1991.??.??"]
[Round "?.1"]
[White "Haba, P."]
[Black "Khalifman, A."]
[Result "1/2-1/2"]
[WhiteElo "2465"]
[BlackElo "2640"]
[PlyCount "84"]
[EventDate "1991.??.??"]

1. e4 c5 2. Nf3 d6 3. d4 cxd4 4. Nxd4 Nf6 5. Nc3 Nc6 6. Bg5 e6 7. Qd2 a6 8.
O-O-O h6 9. Be3 Be7 10. f3 Nxd4 11. Bxd4 b5 12. h4 Qa5 13. Qf2 Rb8 14. Kb1 b4
15. Ne2 e5 16. Ba7 Rb7 17. Nc1 Be6 18. g4 Nd7 19. Be3 Nc5 20. Nb3 Qc7 21. Rh2
a5 22. g5 h5 23. Bh3 a4 24. Nxc5 dxc5 25. g6 Bxh3 26. gxf7+ Kxf7 27. Rxh3 Rd8
28. Rg1 Kg8 29. Qe2 c4 30. Rhg3 Bf8 31. Rg5 b3 32. cxb3 axb3 33. Rc1 Rc8 34. f4
Qa5 35. axb3 Rxb3 36. Rxe5 Qa4 37. Qd2 Rd3 38. Qxd3 cxd3 39. Rxc8 Qd1+ 40. Ka2
Qa4+ 41. Kb1 Qd1+ 42. Ka2 Qa4+ 1/2-1/2

[Event "BL 9091 Frankfurt-Kirchheim"]
[Site "?"]
[Date "1991.??.??"]
[Round "?.2"]
[White "Gutman, L."]
[Black "Gschnitzer, O."]
[Result "1/2-1/2"]
[WhiteElo "2445"]
[BlackElo "2460"]
[PlyCount "162"]
[EventDate "1991.??.??"]

1. d4 Nf6 2. Nf3 c5 3. c3 e6 4. g3 b6 5. Bg2 Bb7 6. O-O Be7 7. dxc5 bxc5 8. Na3
d5 9. Qa4+ Bc6 10. Qc2 Nbd7 11. Nd2 O-O 12. e4 Qb6 13. exd5 exd5 14. Nf3 Rfe8
15. Bf4 Ne4 16. c4 d4 17. Nb5 Rac8 18. Rfe1 a6 19. Nc7 Rxc7 20. Bxc7 Qxc7 21.
Rxe4 Bxe4 22. Qxe4 Nf6 23. Qd3 Bf8 24. Ng5 Qe5 25. Qd2 Qe2 26. Rd1 h6 27. Nh3
Qxc4 28. b3 Qb5 29. Nf4 Ne4 30. Bxe4 Rxe4 31. Qc2 Re8 32. Nd3 Qa5 33. Qd2 Qb5
34. Rc1 h5 35. h4 g6 36. Qd1 Qc6 37. Qf1 Bd6 38. Qg2 Qxg2+ 39. Kxg2 Re2 40. a4
a5 41. Rc4 Rd2 42. Nxc5 Rb2 43. Nd3 Rxb3 44. Rxd4 Be7 45. Rd7 Bf6 46. Nf4 Ra3
47. Nd5 Ba1 48. Nb6 Ra2 49. Rd3 Bf6 50. Kf1 Be7 51. Rd5 Bb4 52. f3 Kg7 53. f4
Ra3 54. Kf2 Ra2+ 55. Kf1 Ra3 56. Kf2 Ra1 57. Ke2 Kf6 58. Kf3 Ra3+ 59. Kf2 Ra2+
60. Kf3 Ra3+ 61. Kf2 Ra2+ 62. Kf3 Be1 63. g4 Rf2+ 64. Ke3 hxg4 65. Rg5 Ra2 66.
Kd3 g3 67. Nd5+ Kg7 68. h5 Kh6 69. hxg6 fxg6 70. Ne7 Rxa4 71. Rxg6+ Kh5 72.
Rg5+ Kh4 73. Nf5+ Kh3 74. Ne3 Kh2 75. Ke2 Bf2 76. Ng4+ Kg2 77. Nxf2 Ra2+ 78.
Ke3 Rxf2 79. Rxa5 Kg1 80. Rg5 g2 81. Ke4 Kf1 1/2-1/2

[Event "BL 9091 Frankfurt-Kirchheim"]
[Site "?"]
[Date "1991.??.??"]
[Round "?.3"]
[White "Graf, J."]
[Black "Werner, D."]
[Result "1-0"]
[WhiteElo "2430"]
[BlackElo "2395"]
[PlyCount "63"]
[EventDate "1991.??.??"]

1. d4 Nf6 2. Nf3 g6 3. c4 Bg7 4. Nc3 O-O 5. e4 d6 6. Be2 Nbd7 7. O-O e5 8. d5
Nc5 9. Qc2 a5 10. Bg5 h6 11. Be3 Ng4 12. Bxc5 dxc5 13. h3 Nf6 14. Nxe5 Nxd5 15.
cxd5 Bxe5 16. f4 Bd4+ 17. Kh2 Bd7 18. e5 Bf5 19. Bd3 Qd7 20. Rae1 Kh8 21. Bxf5
gxf5 22. e6 fxe6 23. dxe6 Qg7 24. Nb5 Bf6 25. e7 Bxe7 26. Nxc7 Bh4 27. Nxa8
Bxe1 28. Rxe1 Rxa8 29. Qxc5 Rg8 30. Qe5 b6 31. Qxg7+ Kxg7 32. Re7+ 1-0

[Event "BL 9091 Frankfurt-Kirchheim"]
[Site "?"]
[Date "1991.??.??"]
[Round "?.5"]
[White "Vonthron, H."]
[Black "Heyken, E."]
[Result "0-1"]
[WhiteElo "2390"]
[BlackElo "2415"]
[PlyCount "124"]
[EventDate "1991.??.??"]

1. e4 e6 2. d4 d5 3. Nd2 Nf6 4. e5 Nfd7 5. Ngf3 c5 6. c4 Nc6 7. cxd5 exd5 8.
Bb5 Qb6 9. Ba4 Be7 10. O-O O-O 11. Re1 Re8 12. Qe2 Nxd4 13. Nxd4 cxd4 14. Nf3
Bc5 15. Qd3 Bb4 16. Bc2 Qg6 17. Qb3 d3 18. Qxb4 dxc2 19. Bf4 Nb6 20. Rac1 Be6
21. b3 Rac8 22. Bg3 Nd7 23. Qd2 f6 24. Nh4 Qh5 25. exf6 Nxf6 26. Rxc2 Ne4 27.
Qc1 Bd7 28. Rxc8 Rxc8 29. Qe3 b6 30. Nf3 Rc2 31. Qf4 Rxa2 32. Qc7 Qe8 33. Ne5
Be6 34. f3 Nxg3 35. hxg3 Qc8 36. Qxc8+ Bxc8 37. Rc1 Bf5 38. g4 Bc2 39. b4 Kf8
40. Nc6 Bg6 41. Nd4 Rd2 42. Rc8+ Ke7 43. Rc7+ Kf6 44. Nf5 Bxf5 45. gxf5 a5 46.
bxa5 bxa5 47. Ra7 h5 48. Kh2 Kxf5 49. Rxg7 a4 50. Ra7 Ra2 51. Ra5 Ke5 52. Kg3
h4+ 53. Kh3 a3 54. f4+ Ke4 55. f5 d4 56. f6 d3 57. f7 Rf2 58. Rxa3 Rxf7 59.
Kxh4 d2 60. Ra1 Rh7+ 61. Kg4 Rg7+ 62. Kh3 Rh7+ 0-1

[Event "BL 9091 Frankfurt-Kirchheim"]
[Site "?"]
[Date "1991.??.??"]
[Round "?.6"]
[White "Degenhardt, H."]
[Black "Mueller, O."]
[Result "1-0"]
[WhiteElo "2325"]
[BlackElo "2350"]
[PlyCount "87"]
[EventDate "1991.??.??"]

1. e4 c5 2. Nc3 Nc6 3. g3 g6 4. Bg2 Bg7 5. d3 d6 6. f4 e6 7. Nf3 Nge7 8. O-O
O-O 9. Be3 b6 10. d4 e5 11. fxe5 cxd4 12. Nxd4 Nxe5 13. b3 Bb7 14. Nd5 Nxd5 15.
exd5 Qd7 16. Kh1 Rfe8 17. Bg1 Rac8 18. c4 h5 19. Qd2 Ng4 20. Rae1 Bh6 21. Qd3
Ne5 22. Qc3 b5 23. Nxb5 Qxb5 24. Qxe5 Rxe5 25. cxb5 Bxd5 26. Rxe5 Bxg2+ 27.
Kxg2 dxe5 28. Bxa7 e4 29. Rf2 Rd8 30. Re2 f5 31. b6 Rd7 32. Bb8 Bf8 33. Bc7 Bd6
34. Rd2 Rxc7 35. bxc7 Bxc7 36. b4 Kf8 37. Rd7 Be5 38. a4 Ke8 39. Rd5 Bc7 40. a5
h4 41. a6 Bb6 42. Rb5 Bd4 43. Rb8+ Kd7 44. a7 1-0

[Event "BL 9091 Frankfurt-Kirchheim"]
[Site "?"]
[Date "1991.??.??"]
[Round "?.7"]
[White "Biebinger, G."]
[Black "Haakert, J."]
[Result "1-0"]
[WhiteElo "2330"]
[BlackElo "2320"]
[PlyCount "78"]
[EventDate "1991.??.??"]

1. d4 f5 2. g3 Nf6 3. Bg2 g6 4. Nf3 Bg7 5. O-O O-O 6. c4 d6 7. Nc3 c6 8. b3 Na6
9. Bb2 Bd7 10. Qc2 b5 11. Nd2 Rb8 12. Rad1 bxc4 13. Nxc4 Nb4 14. Qd2 Nbd5 15.
Rc1 h6 16. Ne3 Be6 17. Nexd5 cxd5 18. e3 Qd7 19. Rc2 Rfc8 20. Rfc1 Qb7 21. Qe2
Ne4 22. Bf1 Kf7 23. Qd1 Nxc3 24. Bxc3 Rc6 25. Bd3 Rbc8 26. b4 a6 27. a4 Bd7 28.
Qe2 e5 29. b5 axb5 30. Bxb5 Rc4 31. Bxc4 dxc4 32. dxe5 dxe5 33. a5 Ba4 34. Rd2
Kg8 35. Rd6 Kh7 36. Ra1 Qb3 37. Qd2 Bc6 38. a6 Bf3 39. Rd7 Rc5 1-0

[Event "BL 9091 Frankfurt-Kirchheim"]
[Site "?"]
[Date "1991.??.??"]
[Round "?.8"]
[White "Bewersdorff, O."]
[Black "Burkart, P."]
[Result "1/2-1/2"]
[WhiteElo "2330"]
[BlackElo "2270"]
[PlyCount "41"]
[EventDate "1991.??.??"]

1. d4 d6 2. c4 e5 3. Nc3 exd4 4. Qxd4 Nc6 5. Qd2 Nf6 6. g3 Be6 7. Nd5 Ne5 8. b3
Ne4 9. Qe3 c6 10. Qxe4 cxd5 11. cxd5 Qa5+ 12. Bd2 Qxd5 13. Bg2 Qxe4 14. Bxe4 d5
15. Bg2 f6 16. Nh3 Ng6 17. O-O Ba3 18. Bc1 Bc5 19. Rd1 Ke7 20. Nf4 Nxf4 21.
gxf4 1/2-1/2

[Event "BL 9091 Heidelberg-Sindelfingen"]
[Site "?"]
[Date "1991.??.??"]
[Round "?.3"]
[White "Marinkovic, I."]
[Black "Ostl, A."]
[Result "1-0"]
[WhiteElo "2455"]
[BlackElo "2325"]
[PlyCount "83"]
[EventDate "1991.??.??"]

1. e4 d6 2. d4 g6 3. Nc3 Bg7 4. Be3 c6 5. a4 a5 6. Nf3 Bg4 7. Be2 e6 8. Qd2 Nd7
9. d5 cxd5 10. exd5 e5 11. Nb5 Ndf6 12. h3 Bxf3 13. Bxf3 Ne7 14. c4 Nf5 15. Bg5
h6 16. g4 hxg5 17. gxf5 gxf5 18. Qxg5 Bh6 19. Qxf5 Rg8 20. h4 e4 21. Be2 e3 22.
fxe3 Qe7 23. Ra3 Kf8 24. Rf1 Kg7 25. c5 Ne4 26. Nxd6 Qxh4+ 27. Kd1 Nxd6 28.
cxd6 Raf8 29. e4 Rc8 30. Rc3 Rxc3 31. bxc3 f6 32. Qg4+ Qxg4 33. Bxg4 Rd8 34. d7
Be3 35. Bf5 Kf7 36. Ke2 Bc5 37. Kd3 Ke7 38. Kc4 b6 39. Kb5 Kd6 40. Be6 Ke5 41.
Kc6 Kxe4 42. Kc7 1-0

[Event "BL 9091 Heidelberg-Sindelfingen"]
[Site "?"]
[Date "1991.??.??"]
[Round "?.4"]
[White "Pirrot, D."]
[Black "Kraut, R."]
[Result "1/2-1/2"]
[WhiteElo "2325"]
[BlackElo "2425"]
[PlyCount "41"]
[EventDate "1991.??.??"]

1. e4 c5 2. c3 Nf6 3. e5 Nd5 4. d4 cxd4 5. Nf3 e6 6. cxd4 d6 7. a3 Nc6 8. Bd3
g6 9. exd6 Qxd6 10. Nbd2 Bg7 11. Ne4 Qc7 12. Be3 O-O 13. Rc1 e5 14. O-O Qb6 15.
Bg5 Nxd4 16. Nxd4 exd4 17. Rc5 Be6 18. Rb5 Qc6 19. Rc5 Qb6 20. Rb5 Qc6 21. Rc5
1/2-1/2

[Event "BL 9091 Heidelberg-Sindelfingen"]
[Site "?"]
[Date "1991.??.??"]
[Round "?.5"]
[White "Luther, T."]
[Black "Weber, M."]
[Result "1/2-1/2"]
[WhiteElo "2470"]
[BlackElo "2330"]
[PlyCount "61"]
[EventDate "1991.??.??"]

1. e4 c5 2. Nf3 d6 3. d4 cxd4 4. Nxd4 Nf6 5. Nc3 a6 6. Bg5 e6 7. f4 Qb6 8. Nb3
Nbd7 9. Be2 Qc7 10. Bf3 Rb8 11. Qd2 b5 12. O-O-O h6 13. Bh4 Nb6 14. Rhe1 b4 15.
Ne2 Nc4 16. Qd3 Be7 17. Ned4 e5 18. Nf5 Bxf5 19. exf5 O-O 20. g4 e4 21. Bxe4 d5
22. Bh1 Qxf4+ 23. Kb1 Qxg4 24. Bg3 Rbe8 25. Bf3 Qh3 26. Rg1 Bd6 27. Bg2 Qh5 28.
Bf3 Qh3 29. Bg2 Qh5 30. Bf3 Qh3 31. Bg2 1/2-1/2

[Event "BL 9091 Heidelberg-Sindelfingen"]
[Site "?"]
[Date "1991.??.??"]
[Round "?.6"]
[White "Grathwohl, R."]
[Black "Bialas, W."]
[Result "1/2-1/2"]
[WhiteElo "2320"]
[BlackElo "2360"]
[PlyCount "37"]
[EventDate "1991.??.??"]

1. c4 e5 2. g3 Nf6 3. Bg2 c6 4. d4 d6 5. Nc3 Nbd7 6. Nf3 Be7 7. O-O O-O 8. b3
a6 9. Qc2 Qc7 10. Be3 Re8 11. b4 Bf8 12. dxe5 Nxe5 13. Nxe5 dxe5 14. c5 h6 15.
Rad1 Be6 16. Bc1 a5 17. a3 axb4 18. axb4 Rad8 19. Rxd8 1/2-1/2

[Event "BL 9091 Heidelberg-Sindelfingen"]
[Site "?"]
[Date "1991.??.??"]
[Round "?.7"]
[White "Werner, Marc"]
[Black "Neunhoeffer, H."]
[Result "1-0"]
[WhiteElo "2320"]
[BlackElo "2285"]
[PlyCount "103"]
[EventDate "1991.??.??"]

1. e4 e5 2. Nf3 Nc6 3. Bb5 Nf6 4. d3 d6 5. c3 Bd7 6. Nbd2 g6 7. Nf1 Bg7 8. Bg5
h6 9. Bh4 a6 10. Ba4 Ne7 11. Ne3 O-O 12. Bb3 Kh7 13. h3 Nh5 14. O-O f6 15. d4
Qe8 16. Bc2 Rd8 17. Nh2 Nf4 18. Bg3 Ne6 19. Qd2 Kh8 20. f4 exd4 21. cxd4 Bb5
22. Rfe1 c5 23. a4 cxd4 24. Nd5 Bc6 25. f5 Ng5 26. h4 Bxd5 27. hxg5 fxg5 28.
exd5 gxf5 29. Re6 Qf7 30. Bb3 f4 31. Bf2 Nf5 32. Qd3 Rc8 33. Bc2 Qc7 34. Bb3
Qb6 35. a5 Qb4 36. Rae1 Ne3 37. Nf1 Rc7 38. Nd2 Rfc8 39. Nc4 Nxc4 40. Re8+ Bf8
41. Rxc8 Rxc8 42. Bc2 Rc7 43. Re8 Ne5 44. Qf5 Rf7 45. Rxf8+ Kg7 46. Rxf7+ Nxf7
47. Qe4 Qxa5 48. Bxd4+ Kf8 49. Bf6 Qc7 50. Qg6 Qc5+ 51. Kh2 Qxd5 52. Bf5 1-0